Most Southern Stations North of the Thames - Statistics

General Stats
  • This quiz has been taken 12 times
  • The average score is 14 of 20
Answer Stats
Borough Station % Correct
Hounslow Hounslow
100%
Hillingdon Heathrow Terminal 4
89%
Hillingdon Heathrow Terminal 5
89%
Hillingdon Heathrow Terminals 1,2,3
89%
Hounslow Isleworth
89%
Richmond Twickenham
89%
Ham. & Fulham Putney Bridge
78%
Richmond St Margarets
78%
Hounslow Feltham
67%
Richmond Fulwell
67%
Richmond Hampton
67%
Richmond Hampton Wick
67%
Richmond Strawberry Hill
67%
Richmond Whitton
67%
Hillingdon Hatton Cross
56%
Hounslow Hounslow Central
56%
Hounslow Hounslow East
56%
Hounslow Hounslow West
56%
Ham. & Fulham Parsons Green
56%
Richmond Teddington
56%
No matching quizzes found
Score Distribution
Percent of People with Each Score
Percentile by Number Answered
Your Score History
You have not taken this quiz